| 000 | 00641nam a2200193 a 4500 | ||
|---|---|---|---|
| 005 | 20240925070037.0 | ||
| 008 | 991125s1977 mx 000 0 spa u | ||
| 035 | _aUPN01000008346 | ||
| 049 | _aCG | ||
| 050 | 4 |
_aBD232 _bS5.28 |
|
| 100 | 1 | _aSimon, Sidney B. | |
| 245 | 1 | 0 |
_aClarificaciones de valores : _bmanual de estrategias prácticas para maestros y alumnos / _cSidney B. Simon, Leland W. Hove, Howard Hisrschenbaum ; tr. María Luisa Sigg Vega. |
| 260 |
_aMéxico : _bAvante, _c1977. |
||
| 300 | _a186 p. | ||
| 650 | 4 |
_aValores _9308 |
|
| 700 | 1 |
_aHove, Leland W., _ecoaut. |
|
| 700 | 1 |
_aHisrschenbaum, Howard, _ecoaut. |
|
| 905 | _aLibro | ||
| 999 |
_c8346 _d8346 |
||